000 00668nam a22001937a 4500
005 20241001112110.0
010 _aENG-141859
020 _c300.00
_a9789391706081
035 _aEN-125391
037 _bDBAD
082 _a181.4
_21
100 _aShaw, J.L.
_972232
245 _aThe Relevance of Indian Philosphy to Contemporary Western Philosophy/
_cBy J.L. Shaw
250 _a1
260 _aKolkata
_bThe Ramakrishna Mission Institute Of Culture
_c2022
270 _bKolkata
_aThe Ramakrishna Mission Institute Of Culture Gol Park, Kolkata India
_e700029
_mrmicsale@gmail.com
300 _a200p.
_c22cm(hb)
942 _2ddc
_cEN
_h181.4
_mSHA
_e1
999 _c206028
_d206028